000 00301nam a2200121Ia 4500
008 190216s9999||||xx |||||||||||||| ||und||
100 _aSubrahmanyam.N
245 0 _aInternational Relations
260 _bEnnes Publications
_c1993
300 _a292p
650 _aInternational Relations
942 _cBK
999 _c20737
_d20737